000 00285nam a2200109Ia 4500
008 220204s9999 xx 000 0 und d
082 _a581.9(031)
_bGEN
100 _aGenders, Roy
245 0 _aScented flora of the world: An encyclopedia
260 _aLondon
_bGranad
_c1978
942 _cBK
999 _c30457
_d30457